| Tag |
First Indicator |
Second Indicator |
Subfields |
| LEADER |
00000cam a2200000 a 4500 |
| 001 |
in00000583321 |
| 005 |
20230810111613.0 |
| 008 |
870406s1986 fr br i001 0 fre |
| 010 |
|
|
|a 87129509
|
| 016 |
|
|
|a (AMICUS)000007332468
|
| 019 |
|
|
|a 15209896
|a 237316093
|
| 020 |
|
|
|a 9264028714
|
| 020 |
|
|
|a 9789264028715
|
| 029 |
1 |
|
|a AU@
|b 000005310202
|
| 029 |
1 |
|
|a DEBBG
|b BV003613363
|
| 029 |
1 |
|
|a DEBBG
|b BV005140445
|
| 029 |
1 |
|
|a GBVCP
|b 021576483
|
| 029 |
1 |
|
|a HR0
|b 9264028714
|
| 029 |
1 |
|
|a NLGGC
|b 036417912
|
| 029 |
1 |
|
|a NZ1
|b 218898
|
| 029 |
1 |
|
|a NZ1
|b 3147462
|
| 029 |
1 |
|
|a UNITY
|b 039630218
|
| 029 |
1 |
|
|a NLC
|b 000007332468
|
| 029 |
1 |
|
|a AU@
|b 000067475009
|
| 035 |
|
|
|a (OCoLC)ocm16087549
|
| 035 |
|
|
|a (OCoLC)16087549
|z (OCoLC)15209896
|z (OCoLC)237316093
|
| 035 |
|
|
|a (OCoLC)ocm16087549
|
| 040 |
|
|
|a DLC
|b eng
|c DLC
|d ESU
|d PIT
|d VPI
|d FNU
|d MUQ
|d BAKER
|d NLGGC
|d YDXCP
|d DEBBG
|d GBVCP
|d OCLCO
|d OCLCF
|d OCLCQ
|d OCLCO
|d DRB
|d OCLCO
|d OCLCQ
|d OCLCO
|d OCLCA
|d OCLCQ
|d OCLCA
|d NLC
|d WCM
|d OCLCO
|d L2U
|d OCLCQ
|d OCLCO
|d OCLCQ
|d OCLCO
|d OCLCQ
|d OCLCO
|d OCLCA
|d UMK
|d OCLCO
|d OCLCA
|d OKS
|d OCLCO
|d AUM
|
| 041 |
0 |
|
|a fre
|a eng
|
| 043 |
|
|
|a f------
|
| 050 |
0 |
0 |
|a HD77.5.A34
|b I58 1986
|
| 070 |
0 |
|
|a HD77.5.A34I58
|
| 072 |
|
0 |
|a X800
|
| 082 |
0 |
4 |
|a 330.980007
|b DIR
|
| 084 |
|
|
|a 02.00
|2 bcl
|
| 084 |
|
|
|a 06.80
|2 bcl
|
| 084 |
|
|
|a QG 700
|2 rvk
|
| 084 |
|
|
|a AD 85000
|2 rvk
|
| 245 |
0 |
0 |
|a Inventaire, instituts de recherche et de formation en matière de développement en Afrique /
|c Centre de développement de l'OCDE [et] Conseil pour le développement de la recherche économique et sociale en Afrique = Directory, development research and training institutes in Africa / OECD Development Centre [and] Council for the Development of Economic and Social Research in Africa (CODESRIA).
|
| 260 |
|
|
|a Paris :
|b Organisation de coopération et de développement économiques, Service des publications ;
|a [Washington, D.C.] :
|b [OECD Publications and Information Centre, distributor],
|c 1986.
|
| 300 |
|
|
|a xxvii, 262 pages ;
|c 27 cm
|
| 336 |
|
|
|a text
|b txt
|2 rdacontent
|
| 337 |
|
|
|a unmediated
|b n
|2 rdamedia
|
| 338 |
|
|
|a volume
|b nc
|2 rdacarrier
|
| 500 |
|
|
|a French and English.
|
| 500 |
|
|
|a Includes indexes.
|
| 530 |
|
|
|a Also issued online.
|
| 504 |
|
|
|a Includes bibliographical references.
|
| 650 |
|
0 |
|a Economic development
|x Research
|z Africa
|v Directories.
|
| 650 |
|
0 |
|a Economic development
|x Study and teaching
|z Africa
|v Directories.
|
| 650 |
|
0 |
|a Social sciences
|x Research
|z Africa
|v Directories.
|
| 650 |
|
0 |
|a Social sciences
|x Study and teaching
|z Africa
|v Directories.
|
| 650 |
|
6 |
|a Développement économique
|v Répertoires
|x Recherche
|z Afrique.
|
| 650 |
|
6 |
|a Développement économique
|v Répertoires
|x Étude et enseignement
|z Afrique.
|
| 650 |
|
6 |
|a Sciences sociales
|v Répertoires
|x Recherche
|z Afrique.
|
| 650 |
|
6 |
|a Sciences sociales
|x Étude et enseignement
|x Répertoires
|z Afrique.
|
| 650 |
|
6 |
|a Développement économique
|x Recherche
|z Afrique
|v Répertoires.
|
| 650 |
|
6 |
|a Développement économique
|x Étude et enseignement
|z Afrique
|v Répertoires.
|
| 650 |
|
6 |
|a Sciences sociales
|x Recherche
|z Afrique
|v Répertoires.
|
| 650 |
|
6 |
|a Sciences sociales
|x Étude et enseignement
|z Afrique
|v Répertoires.
|
| 650 |
|
7 |
|a Economic development
|x Research.
|2 fast
|0 (OCoLC)fst00901861
|
| 650 |
|
7 |
|a Economic development
|x Study and teaching.
|2 fast
|0 (OCoLC)fst00901877
|
| 650 |
|
7 |
|a Social sciences
|x Research.
|2 fast
|0 (OCoLC)fst01122944
|
| 650 |
|
7 |
|a Social sciences
|x Study and teaching.
|2 fast
|0 (OCoLC)fst01123000
|
| 651 |
|
7 |
|a Africa.
|2 fast
|0 (OCoLC)fst01239509
|
| 650 |
|
7 |
|a Adressbuch
|2 gnd
|
| 650 |
|
7 |
|a Entwicklungspolitik
|2 gnd
|
| 650 |
|
7 |
|a Forschung
|2 gnd
|
| 651 |
|
7 |
|a Afrika
|2 gnd
|
| 650 |
|
7 |
|a Développement économique
|x recherche
|z Afrique
|x inventaires.
|2 ram
|
| 650 |
|
7 |
|a Développement économique
|x étude et enseignement
|z Afrique
|x inventaires.
|2 ram
|
| 650 |
|
7 |
|a Sciences sociales
|x recherche
|z Afrique
|x inventaires.
|2 ram
|
| 650 |
|
7 |
|a Sciences sociales
|x étude et enseignement
|z Afrique
|x inventaires.
|2 ram
|
| 653 |
|
0 |
|a Economic development
|a Research
|a Africa
|a Directories
|
| 653 |
|
0 |
|a Economic development
|a Study and teaching
|a Africa
|a Directories
|
| 653 |
|
0 |
|a Social sciences
|a Research
|a Africa
|a Directories
|
| 653 |
|
0 |
|a Social sciences
|a Study and teaching
|a Africa
|a Directories
|
| 655 |
|
2 |
|a Directory
|
| 655 |
|
4 |
|a Reference sources.
|
| 655 |
|
7 |
|a directories.
|2 aat
|
| 655 |
|
7 |
|a Directories.
|2 fast
|0 (OCoLC)fst01423796
|
| 655 |
|
7 |
|a Directories.
|2 lcgft
|
| 655 |
|
7 |
|a Répertoires.
|2 rvmgf
|
| 710 |
2 |
|
|a Organisation for Economic Co-operation and Development.
|b Development Centre.
|
| 710 |
2 |
|
|a Codesria.
|
| 740 |
0 |
|
|a Directory, development research and training institutes in Africa.
|
| 740 |
0 |
|
|a Instituts de recherche et de formation en matière de développement en Afrique.
|
| 740 |
0 |
|
|a Development research and training institutes in Africa.
|
| 776 |
0 |
8 |
|i Online version:
|t Inventaire, instituts de recherche et de formation en matière de développement en Afrique.
|d Paris : Organisation de coopération et de développement économiques, Service des publications ; [Washington, D.C. : OECD Publications and Information Centre, distributor], 1986
|w (OCoLC)571836567
|
| 830 |
|
0 |
|a Liaison bulletin between development research and training institutes (Paris, France : 1979) ;
|v new ser. no. 8, 1986.
|
| 938 |
|
|
|a Baker & Taylor
|b BKTY
|c 29.00
|d 29.00
|i 9264028714
|n 0001175968
|s active
|z B&T Title: Directory Development Research and Training Institutes in Africa
|
| 938 |
|
|
|a YBP Library Services
|b YANK
|n 1271210
|
| 948 |
|
|
|h HELD BY TXA - 162 OTHER HOLDINGS
|
| 994 |
|
|
|a Z0
|b TXA
|
| 999 |
f |
f |
|s 064e860e-7841-376e-84f5-19a00960e3a4
|i 6f54f3a6-497e-3046-84dd-37df77904106
|t 0
|
| 952 |
f |
f |
|p ric
|a Texas A&M University
|b Rellis Campus
|c Joint Library Facility
|s JLF
|d Remote Storage
|t 0
|e HD82 .O666 1986
|h Library of Congress classification
|i unmediated -- volume
|m A14810795515
|